000 00950nam a22003017a 4500
001 BR7900561
003 BR-BrBNA
005 20230928085912.0
007 ta
008 230509b bl.||||| |||| 00| 0 por d
040 _aBR-BrBNA
_bpor
_cBiblioteca Nacional de Agricultura
041 _a(Por)
072 _aF00; L00
_b/G514
090 _ F00 BR7900561
110 1 _aEmpresa de Pesquisa Agropecuaria da Bahia S.A., Salvador (Brasil)
_94094
245 1 _aEPABA, ano 1978; revista comemorativa do segundo aniversario [pesquisa agricola, pesquisa pecuaria, Empresa de Pesquisa Agroecuaria da Bahia, Brasil]
260 3 _aSalvador, BA (Brasil):
_c1978.
300 _a59 p.
500 _a15 illus.
650 _aPRODUCAO VEGETAL
650 _aPRODUCAO ANIMAL
650 _aPESQUISA AGRICOLA
650 _aPESQUISA PECUARIA
650 _aINSTITUICAO DE PESQUISA
650 _aBAHIA
909 _a202309
_bLucia
_c55
_dLucia Elande
942 _cBK
999 _c26938
_d26938